000 00306nam a2200133Ia 4500
999 _c3
_d3
003 OSt
008 191201s2007 xx 000 0 und d
100 _aRONHUBBARD, L
245 0 _aCreation of Human Ability
260 _aN. delhi
_bHubbard Pub
_c2007
300 _a529
650 _aGeneral Books
942 _2ddc
_cBK